| 000 | 00448cam a2200193 4500 | ||
|---|---|---|---|
| 001 | D7957 | ||
| 008 | 090401t1984 xxu||||| |||| 00| 0 eng d | ||
| 035 | _a(Sirsi) u10308 | ||
| 041 | _aeng | ||
| 050 | _a692.8 | ||
| 100 | _aPowell-Smith, Vincent | ||
| 245 | 2 | _aA building contract casebook | |
| 260 |
_aLondon _bGranada _c1984 |
||
| 300 | _ax. 388p. 24cm | ||
| 350 | _a25 | ||
| 700 | _aFurmston, Michael | ||
| 942 | _n0 | ||
| 948 | _c04/03/1997 | ||
| 999 |
_c86725 _d86725 |
||